The Room Quiz - Statistics

General Stats
  • This quiz has been taken 7 times
    5 since last reset
  • The average score is 10 of 19
Answer Stats
Hint Answer % Correct
The main character is a father figure to Danny
100%
Main character's name Johnny
100%
You are tearing me apart- Lisa
100%
Actor of the above, also wrote, directed and produced The Room Tommy Wiseau
100%
What kind of cancer did the above's Mother have? Breast cancer
67%
Actor of the above Greg Sestero
67%
How did the main character die? Gunshot
67%
Actress of the above Juliette Danielle
67%
Main character's best friend Mark
67%
Leave your stupid comments in your Pocket
67%
The above's drug dealer Chris-R
33%
Who did the main character say to the pug at the flower shop? Oh hi Doggy
33%
Complete the quote: I did not hit her! It's not true! It's bullshit! I did naaaht! Oh hi mark
33%
The main character ordered a dozen what? Red roses
33%
Movie about the making of The Room The Disaster Artist
33%
Let's go eat Huh
0%
What kind of tea did the above order? Peppermint tea
0%
Actor of the above Philip Haldiman
0%
Who played the Script Supervisor in the above Seth Rogen
0%
No matching quizzes found
Score Distribution
Percent of People with Each Score
Percentile by Number Answered
Your Score History
You have not taken this quiz since the last reset